000 01093nam a2200277 i 4500
001 10679
003 ES-MaACL
005 20230906145932.0
008 951004s1993 sp a b |||| | spa d
020 _a84-7812-215-X
080 _a017.1(460.27) Hemeroteca Municipal
080 _a944"1789/1799":016
080 _a016:944"1789/1799"
110 2 _aHemeroteca Municipal de Madrid.
_94560
245 1 0 _aPublicaciones francesas
_b: 1789-1799 /
_cHemeroteca Municipal de Madrid.
260 _aMadrid :
_bAyuntamiento, Departamento de Archivos y Bibliotecas,
_c1993.
300 _a31 p. :
_bil. ;
_c25 cm.
490 1 _aSección de historia de la prensa ;
_v7
610 2 7 _aHemeroteca Municipal de Madrid-
_vCatálogos.
_94561
650 4 _aPublicaciones periódicas-
_zFrancia-
_zHemeroteca Municipal de Madrid-
_vCatálogos.
_9169778
651 4 _aFrancia-
_xHistoria-
_y1789-1799, Revolución-
_vBibliografías.
_98686
710 1 _aMadrid.
_bAyuntamiento
_9234069
830 0 _aSección de historia de la prensa ;
_v7
_9179701
852 _aES-MaACL
_j2142-F-38
999 _c10679
_d10679